| 000 | 00896nam a2200229 a 4500 | ||
|---|---|---|---|
| 001 | 54446 | ||
| 003 | BD-RjUL | ||
| 005 | 20211209080125.0 | ||
| 008 | 161106s2000 bg ||||| |||| 00| 0 ben d | ||
| 020 | _c: TK 45.00 | ||
| 035 | _a(BD-RjUL)54568 | ||
| 040 |
_aBD-RjUL _bben _cBD-RjUL |
||
| 041 | _aben | ||
| 082 |
_223 _a923.15492 _bBAC 2000 |
||
| 100 | 1 |
_a বাবুল, রুহুল আমিন _9162470 |
|
| 245 | 1 | 0 |
_aছোটদের প্রিয় নেতা জিয়াউর রহমান / _c রুহুল আমিন বাবুল |
| 260 |
_aঢাকা : _bরহমান বুকস, _c২০০০ |
||
| 300 |
_a৭৫, [১] পৃ. ; _c২১ সেমি. |
||
| 600 |
_aরহমান, জিয়াউর, _d১৯৩৬-১৯৮১ _xজীবনী _9240303 |
||
| 600 |
_aRahman, Ziaur _d1936-1981 _xBiography _9240304 |
||
| 942 |
_2ddc _cBK |
||
| 999 |
_c54446 _d54446 |
||